Human rights and planning (Record no. 70892)

MARC details
000 -LEADER
fixed length control field 00778cam a2200193 4500
001 - CONTROL NUMBER
control field ABS65761
008 - FIXED-LENGTH DATA ELEMENTS--GENERAL INFORMATION
fixed length control field 020805n2002 000 0 eng u
035 ## - SYSTEM CONTROL NUMBER
System control number (Sirsi) u119174
100 ## - MAIN ENTRY--PERSONAL NAME
Personal name Purdue, M.
245 ## - TITLE STATEMENT
Title Human rights and planning
260 ## - PUBLICATION, DISTRIBUTION, ETC.
Date of publication, distribution, etc. 2002
490 ## - SERIES STATEMENT
Series statement Scots Law Times
Volume/sequential designation (25) 26th July 2002, 195-204(10)
520 ## - SUMMARY, ETC.
Summary, etc. Reviews implications of European Convention on Human Rights for town and country planning in the UK, and suggests that the current trend of judicial decisions pays insufficient weight to certain Convention rights [SLT]
590 ## - LOCAL NOTE (RLIN)
Local note ABS
650 ## - SUBJECT ADDED ENTRY--TOPICAL TERM
Topical term or geographic name entry element CONVENTION FOR THE PROTECTION OF HUMAN RIGHTS AND FUNDAMENTAL FREEDOMS
650 ## - SUBJECT ADDED ENTRY--TOPICAL TERM
Topical term or geographic name entry element SCOTLAND
690 ## - LOCAL SUBJECT ADDED ENTRY--TOPICAL TERM (OCLC, RLIN)
Topical term or geographic name as entry element ENVIRONMENTAL AND LAND CONSULTANCY-PLANNING AND DEVELOPMENT
942 ## - ADDED ENTRY ELEMENTS (KOHA)
Suppress in OPAC 0

No items available.